000 01102nas a2200385 4500
001 BR2010005013
003 BR-BrBNA
005 20231205114327.0
007 ta
008 230509b bl.|||p| |||| 00| 00por d
040 _aBR-BrBNA
_bpor
_cBiblioteca Nacional de Agricultura
041 _a(En)
072 _aL73
100 1 _aAbreu, J.T.
100 1 _aMourão, M.M.
100 1 _aSantos, C.E.
100 1 _aVeloso, C.J.M.
100 1 _aResende, J.S.
100 1 _aRatschart, R.B.
100 1 _aFolgueras-Ratschart, A.V.
100 1 _aJunior, S.N.
100 1 _aSantoro, M.M.
100 1 _aMendes, A.C.R.
100 1 _aFranco, G.R.
100 1 _aSilva, A.
100 1 _aCampos, A.B.
100 1 _aFernandez, S.
245 1 _aMolecular studies of the brazilian infectious bronchitis virus isolates
650 _aGALINHA
650 _aBRONQUITE
650 _aEPIDEMIOLOGIA
773 0 _tBrazilian Journal of Poultry Science (Brazil)
_xISSN 1516-635X
_g(Apr-Jun 2010), v.12(2) p. 107-110
_wBR2010005013
909 _a202311
_bLúcia
_c55
_dLúcia Elande
942 _2AGRIS
_n0
_cANA
999 _c208247
_d208247